Electro'95

Bewaard in:
Bibliografische gegevens
Coauteur: Congreso Chileno de Ingeniería Eléctrica (Auteur)
Formaat: Boek
Taal:Portugees
Engels
Spaans
Gepubliceerd in: Punta Arenas Universidad de Magallanes 1995
Onderwerpen:
Tags: Voeg label toe
Geen labels, Wees de eerste die dit record labelt!

MARC

LEADER 00000nam a2200000 a 4500
001 UCS4604
003 CL-VaPUC
005 20250107101920.0
008 970808e19950000cl 1 por d
041 0 7 |a por  |2 CL-VaPUC 
041 0 7 |a eng  |2 CL-VaPUC 
041 0 7 |a spa  |2 CL-VaPUC 
082 0 4 |a 621.3  |b CON  |2 21 
110 2 |a Congreso Chileno de Ingeniería Eléctrica  |e author  |9 618472 
245 1 0 |a Electro'95 
260 |a Punta Arenas  |b Universidad de Magallanes  |c 1995 
300 |a v 
505 0 0 |a v.1 Sistemas eléctricos de potencia; v.2 Automatización de procesos y de oficinas 
583 |a last modification  |c 19970808 00:00:00  |k Rodrigo Vera 
650 0 0 |a Ingeniería eléctrica  |9 260573 
650 0 0 |a Energía eléctrica  |9 256678 
650 0 7 |a MICROPROCESADORES  |2 CL-VaPUC  |9 259881 
650 0 0 |a Control automático  |9 259890 
650 0 0 |a Automatización   |9 299909 
650 0 7 |a ENERGIA INDUSTRIAL  |2 CL-VaPUC  |9 618474 
650 0 0 |a Robótica   |9 263360 
650 0 0 |a Bioingeniería   |9 266821 
650 0 7 |a SISTEMAS DE COMUNICACIONES  |2 CL-VaPUC  |9 408830 
942 |c BK 
945 |a jquezada  |d 19970808 00:00:00 
546 |a En Portugués 
546 |a En Inglés 
546 |a En Español 
536 |a Universidad de Magallanes 
518 |p Congreso Chileno de Ingeniería Eléctrica, 11, Punta Arenas, 13 al 17 de Noviembre 
999 |c 382971  |d 382969 
952 |0 0  |1 0  |4 0  |6 621_300000000000000_CON_1995  |7 0  |8 A  |9 504937  |a BIBING  |b BIBING  |d 2020-01-23  |h v.1  |i 3283046  |o 621.3 CON 1995  |p 3283046  |r 2025-01-20  |w 2020-01-23  |y BK  |k EIE 
952 |0 0  |1 0  |4 0  |6 621_300000000000000_CON_1995  |7 0  |8 A  |9 504938  |a BIBING  |b BIBING  |d 2020-01-23  |h v.2  |i 3283054  |o 621.3 CON 1995  |p 3283054  |r 2025-01-20  |w 2020-01-23  |y BK  |k EIE